Corinne Bailey Rae Discography - Statistics

General Stats
  • This quiz has been taken 5 times
  • The average score is 2 of 7
Answer Stats
Type Year Name % Correct
Album 2016 The Heart Speaks in Whispers
100%
Album 2010 The Sea
100%
EP 2011 The Love EP
25%
Album 2006 Corrine Bailey Rae
0%
EP 2010 iTunes Live from SoHo
0%
Live Album 2007 Live in London & New York
0%
EP 2006 Live Session EP (iTunes Exclusive)
0%
No matching quizzes found
Score Distribution
Percent of People with Each Score
Percentile by Number Answered
Your Score History
You have not taken this quiz